[Event "LSS No Engine Cup 207 Preliminary 0"]
[Site "LSS email"]
[Date "2020.09.16"]
[Round "?"]
[White "Herzog, Matthias"]
[Black "Recio Chicharro, Luis"]
[Result "1-0"]
[WhiteElo "2157"]
[BlackElo "1479"]
[PlyCount "25"]
[EventDate "2020.09.16"]
[EventType "tourn (corr)"]
[EventRounds "6"]
[EventCountry "GER"]
[SourceTitle "Corr 2022"]
[Source "ChessBase"]
[SourceDate "2021.10.24"]
[SourceVersion "1"]
[SourceVersionDate "2021.10.24"]
[SourceQuality "1"]

1. e4 e5 2. Nc3 Nc6 3. Bc4 Nf6 4. d3 a6 5. f4 Bb4 6. Nf3 h6 7. fxe5 Nh7 8. 0-0 Nf8 9. Ng5 Nxe5 10. Bxf7+ Nxf7 11. Nxf7 Qe7 12. Nd5 Bc5+ 13. d4 1-0

[Event "LSS No Engine Cup 205 Preliminary 0"]
[Site "LSS email"]
[Date "2020.07.06"]
[Round "?"]
[White "Boni, Roberto"]
[Black "Recio Chicharro, Luis"]
[Result "1-0"]
[WhiteElo "1879"]
[BlackElo "1491"]
[PlyCount "77"]
[EventDate "2020.07.06"]
[EventType "tourn (corr)"]
[EventRounds "6"]
[EventCountry "GER"]
[SourceTitle "Corr 2022"]
[Source "ChessBase"]
[SourceDate "2021.10.24"]
[SourceVersion "1"]
[SourceVersionDate "2021.10.24"]
[SourceQuality "1"]

1. e4 e5 2. Nf3 Nc6 3. Bb5 a6 4. Ba4 Nf6 5. 0-0 Be7 6. Re1 b5 7. Bb3 0-0 8. c3 d6 9. h3 Na5 10. Bc2 c5 11. d4 Qc7 12. Nbd2 cxd4 13. cxd4 Bb7 14. d5 Rac8 15. Bd3 Nd7 16. Nf1 Nc4 17. Ng3 Qd8 18. b3 Ncb6 19. Be3 Nc5 20. Be2 Nbd7 21. a4 b4 22. a5 Bh4 23. Nxh4 Qxh4 24. Nf5 Qd8 25. Nxd6 Rb8 26. Nxb7 Rxb7 27. Bxc5 Nxc5 28. d6 Ra7 29. Qd5 Nd7 30. Bc4 Qa8 31. Qxa8 Rfxa8 32. Bd5 Rd8 33. Rac1 Nf6 34. Rc7 Rxc7 35. dxc7 Rc8 36. Rc1 Nxd5 37. exd5 Kf8 38. d6 Ke8 39. Rc6 1-0

[Event "LSS No Engine Cup 198 Preliminary 0"]
[Site "LSS email"]
[Date "2020.02.02"]
[Round "?"]
[White "Pech, Stepan"]
[Black "Recio Chicharro, Luis"]
[Result "1-0"]
[WhiteElo "1509"]
[BlackElo "1508"]
[PlyCount "35"]
[EventDate "2020.02.02"]
[EventType "tourn (corr)"]
[EventRounds "6"]
[EventCountry "GER"]
[SourceTitle "Corr 2022"]
[Source "ChessBase"]
[SourceDate "2021.10.24"]
[SourceVersion "1"]
[SourceVersionDate "2021.10.24"]
[SourceQuality "1"]

1. d4 d5 2. c4 e6 3. Nc3 Nf6 4. Nf3 c6 5. e3 Bb4 6. Bd3 0-0 7. 0-0 Bxc3 8. bxc3 Nbd7 9. Ba3 Re8 10. cxd5 exd5 11. Qc2 Ne4 12. c4 Ndf6 13. Rab1 h6 14. cxd5 cxd5 15. Ne5 b6 16. Rbc1 Nd7 17. Nxf7 Kxf7 18. Qc6 1-0

[Event "LSS No Engine Cup 186 Preliminary 0"]
[Site "LSS email"]
[Date "2019.01.20"]
[Round "?"]
[White "Henke, Simon"]
[Black "Recio Chicharro, Luis"]
[Result "1-0"]
[WhiteElo "2004"]
[BlackElo "1554"]
[PlyCount "51"]
[EventDate "2019.01.23"]
[EventType "tourn (corr)"]
[EventRounds "6"]
[EventCountry "GER"]
[SourceTitle "Corr 2022"]
[Source "ChessBase"]
[SourceDate "2021.10.24"]
[SourceVersion "1"]
[SourceVersionDate "2021.10.24"]
[SourceQuality "1"]

1. d4 d5 2. Bf4 Bf5 3. c4 c6 4. Qb3 Qb6 5. Qxb6 axb6 6. cxd5 cxd5 7. Nc3 e6 8. f3 Nf6 9. g4 Bg6 10. h4 h5 11. g5 Nfd7 12. e3 Nc6 13. Nb5 Bb4+ 14. Kf2 0-0 15. a3 Be7 16. Bd6 Bxd6 17. Nxd6 Rfb8 18. Rc1 Nf8 19. Be2 Nd8 20. Nh3 f6 21. gxf6 gxf6 22. Rc7 Nf7 23. Nxf7 Bxf7 24. Rg1+ Ng6 25. Nf4 Kg7 26. Rxg6+ 1-0

[Event "CP-2018-P-00035"]
[Site "LSS email"]
[Date "2018.09.27"]
[Round "?"]
[White "Schubert, Steffen"]
[Black "Recio Chicharro, Luis"]
[Result "1-0"]
[WhiteElo "1926"]
[BlackElo "1074"]
[PlyCount "53"]
[EventDate "2018.10.01"]
[EventType "tourn (corr)"]
[EventRounds "6"]
[EventCountry "GER"]
[SourceTitle "Corr 2022"]
[Source "ChessBase"]
[SourceDate "2021.10.24"]
[SourceVersion "1"]
[SourceVersionDate "2021.10.24"]
[SourceQuality "1"]

1. e4 e5 2. Nf3 Nc6 3. Bb5 d6 4. d4 Bd7 5. Bxc6 Bxc6 6. Nc3 exd4 7. Nxd4 Ne7 8. h4 Qd7 9. 0-0 0-0-0 10. a4 f5 11. f3 g6 12. b4 b6 13. Bg5 h6 14. Bf6 Rh7 15. a5 b5 16. Nxc6 Qxc6 17. Qd3 a6 18. Nd5 Nxd5 19. exd5 Qb7 20. Bxd8 Kxd8 21. h5 Qc8 22. hxg6 Rg7 23. c4 bxc4 24. Qxc4 Rxg6 25. Rfe1 Bg7 26. Qh4+ Kd7 27. Qe7# 1-0

[Event "LSS No Engine Cup 182 Preliminary 0"]
[Site "LSS email"]
[Date "2018.09.13"]
[Round "?"]
[White "Ilyin, Igor"]
[Black "Recio Chicharro, Luis"]
[Result "0-1"]
[WhiteElo "2047"]
[BlackElo "1536"]
[PlyCount "106"]
[EventDate "2018.09.14"]
[EventType "tourn (corr)"]
[EventRounds "6"]
[EventCountry "GER"]
[SourceTitle "Corr 2022"]
[Source "ChessBase"]
[SourceDate "2021.10.24"]
[SourceVersion "1"]
[SourceVersionDate "2021.10.24"]
[SourceQuality "1"]

1. e4 c5 2. Nf3 Nc6 3. d4 cxd4 4. Nxd4 e6 5. Nc3 a6 6. Be2 d6 7. 0-0 Nf6 8. f4 Be7 9. Be3 0-0 10. g4 Nd7 11. g5 e5 12. Nf5 Re8 13. Nxd6 Bxd6 14. Qxd6 Nf8 15. fxe5 Nxe5 16. Rad1 Bh3 17. Rf2 Bg4 18. Bf4 Nfg6 19. h4 Bxe2 20. Nxe2 Qa5 21. Rd5 Qe1+ 22. Kg2 Ng4 23. Qb6 Nxf2 24. Qxf2 Nxf4+ 25. Nxf4 Qxe4+ 26. Kh2 Rac8 27. Rd2 Rc4 28. Ng2 Qe5+ 29. Kh3 Qxb2 30. Nf4 Rc3+ 31. Kg2 Qb5 32. Rd5 Qc6 33. Kh2 Rxc2 34. Rd2 Rc1 35. Nd5 Qe6 36. Nf4 Qe4 37. Ng2 Qe5+ 38. Kh3 Rc3+ 39. Kg4 Qe6+ 40. Qf5 Rc4+ 41. Nf4 Qxf5+ 42. Kxf5 g6+ 43. Kg4 Ree4 44. Rf2 b5 45. Kg3 a5 46. Ng2 Rc3+ 47. Kh2 b4 48. Rb2 a4 49. Rd2 b3 50. axb3 axb3 51. Rb2 Rb4 52. Kg1 Rc1+ 53. Kh2 Rc2 0-1

[Event "LSS No Engine Cup 182 Preliminary 0"]
[Site "LSS email"]
[Date "2018.09.13"]
[Round "?"]
[White "Mueller Toepler, Michael"]
[Black "Recio Chicharro, Luis"]
[Result "1-0"]
[WhiteElo "2016"]
[BlackElo "1536"]
[PlyCount "49"]
[EventDate "2018.09.14"]
[EventType "tourn (corr)"]
[EventRounds "6"]
[EventCountry "GER"]
[SourceTitle "Corr 2022"]
[Source "ChessBase"]
[SourceDate "2021.10.24"]
[SourceVersion "1"]
[SourceVersionDate "2021.10.24"]
[SourceQuality "1"]

1. c4 Nf6 2. d4 g6 3. Nc3 Bg7 4. e4 d6 5. h3 0-0 6. Bg5 Nbd7 7. Nf3 h6 8. Be3 a6 9. Be2 e5 10. d5 b6 11. Qc2 Nc5 12. Bd1 Kh7 13. Be2 Ng8 14. a3 f5 15. Bxc5 bxc5 16. h4 fxe4 17. Nxe4 Bf5 18. Bd3 Nf6 19. Neg5+ hxg5 20. Bxf5 g4 21. Ng5+ Kh8 22. h5 Nxh5 23. Bxg6 Qxg5 24. Rxh5+ Qxh5 25. Bxh5 1-0

[Event "LSS No Engine Cup 178 Preliminary 0"]
[Site "LSS email"]
[Date "2018.04.16"]
[Round "?"]
[White "Pech, Stepan"]
[Black "Recio Chicharro, Luis"]
[Result "0-1"]
[WhiteElo "1516"]
[BlackElo "1514"]
[PlyCount "26"]
[EventDate "2018.04.17"]
[EventType "tourn (corr)"]
[EventRounds "6"]
[EventCountry "GER"]
[SourceTitle "Corr 2022"]
[Source "ChessBase"]
[SourceDate "2021.10.24"]
[SourceVersion "1"]
[SourceVersionDate "2021.10.24"]
[SourceQuality "1"]

1. d4 Nf6 2. c4 g6 3. Nc3 Bg7 4. e4 d6 5. Nf3 Bg4 6. Be2 0-0 7. Be3 Bxf3 8. Bxf3 Nbd7 9. 0-0 c6 10. Be2 e5 11. d5 cxd5 12. cxd5 a6 13. Qb3 b5 0-1

[Event "LSS No Engine Cup 176 Preliminary 0"]
[Site "LSS email"]
[Date "2018.01.21"]
[Round "?"]
[White "Recio Chicharro, Luis"]
[Black "Henke, Simon"]
[Result "0-1"]
[WhiteElo "1513"]
[BlackElo "1932"]
[PlyCount "62"]
[EventDate "2018.01.22"]
[EventType "tourn (corr)"]
[EventRounds "6"]
[EventCountry "GER"]
[SourceTitle "Corr 2022"]
[Source "ChessBase"]
[SourceDate "2021.10.24"]
[SourceVersion "1"]
[SourceVersionDate "2021.10.24"]
[SourceQuality "1"]

1. c4 c5 2. Nc3 Nf6 3. Nf3 d6 4. g3 g6 5. Bg2 Bg7 6. 0-0 0-0 7. d3 Nc6 8. a3 Rb8 9. Bd2 a6 10. Rb1 b5 11. cxb5 axb5 12. b4 cxb4 13. axb4 Bd7 14. e4 Ng4 15. Nd5 Nge5 16. Nxe5 Nxe5 17. Qe2 e6 18. Nf4 Ra8 19. Rfc1 Ra2 20. Qd1 Qb6 21. Rc2 Rfa8 22. Rxa2 Rxa2 23. Be3 Qa6 24. Bf1 h5 25. d4 Ng4 26. Qd3 Ra3 27. Rb3 Rxb3 28. Qd2 Qa1 29. Nd3 Bxd4 30. Bxd4 Qxd4 31. Qa2 Bc6 0-1

[Event "LSS No Engine Cup 176 Preliminary 0"]
[Site "LSS email"]
[Date "2018.01.21"]
[Round "?"]
[White "Recio Chicharro, Luis"]
[Black "Zmolil, Karel"]
[Result "1/2-1/2"]
[WhiteElo "1513"]
[BlackElo "1678"]
[PlyCount "113"]
[EventDate "2018.01.22"]
[EventType "tourn (corr)"]
[EventRounds "6"]
[EventCountry "GER"]
[SourceTitle "Corr 2022"]
[Source "ChessBase"]
[SourceDate "2021.10.24"]
[SourceVersion "1"]
[SourceVersionDate "2021.10.24"]
[SourceQuality "1"]

1. e4 d5 2. exd5 Qxd5 3. Nc3 Qd8 4. Nf3 Nf6 5. d4 Bg4 6. Be2 h6 7. h3 Bf5 8. 0-0 e6 9. b3 a6 10. Bb2 Bd6 11. Bd3 Bxd3 12. Qxd3 0-0 13. Ne4 Be7 14. Rad1 Nc6 15. a3 Re8 16. c4 Nxe4 17. Qxe4 Rb8 18. b4 Bf6 19. Ne5 Bxe5 20. dxe5 Qe7 21. Rd2 Red8 22. Rfd1 Rxd2 23. Rxd2 Rd8 24. Rxd8+ Nxd8 25. Qd4 Nc6 26. Qc3 Qd7 27. b5 axb5 28. cxb5 Ne7 29. a4 Nd5 30. Qd4 b6 31. Kh2 Qe7 32. Bc1 Qb4 33. Qxb4 Nxb4 34. Ba3 Nd3 35. Be7 Nb4 36. Kg3 Nd5 37. Ba3 Nc3 38. Be7 Nxa4 39. Bd8 Nc3 40. Bxc7 Nxb5 41. Bxb6 Nc3 42. Kf3 Nd5 43. Bc5 Nc7 44. Ke4 Nd5 45. f4 g6 46. g4 Nc7 47. f5 Nd5 48. h4 Nc7 49. Bd6 Nd5 50. f6 Nc3+ 51. Kd3 Nd5 52. Kd4 Nf4 53. Ke4 Nd5 54. Ba3 Nc7 55. Bc1 Kh7 56. g5 h5 57. Kd4 1/2-1/2

[Event "RF-2017-0-00402"]
[Site "LSS email"]
[Date "2017.08.16"]
[Round "?"]
[White "Recio Chicharro, Luis"]
[Black "Chura, Michal"]
[Result "1-0"]
[WhiteElo "1109"]
[BlackElo "1151"]
[PlyCount "67"]
[EventDate "2017.07.14"]
[EventType "tourn (corr)"]
[EventRounds "6"]
[EventCountry "GER"]
[SourceTitle "Corr 2022"]
[Source "ChessBase"]
[SourceDate "2021.10.24"]
[SourceVersion "1"]
[SourceVersionDate "2021.10.24"]
[SourceQuality "1"]

1. d4 Nf6 2. c4 e6 3. Nc3 Bb4 4. Nf3 d5 5. e3 c5 6. a3 cxd4 7. axb4 dxc3 8. bxc3 0-0 9. Be2 Nbd7 10. 0-0 Ne4 11. Qc2 Ndf6 12. Bb2 Nd6 13. cxd5 exd5 14. Rfd1 Be6 15. Bd3 Qc7 16. Ng5 a6 17. Bxh7+ Kh8 18. Nxe6 fxe6 19. Bg6 Ng4 20. Qe2 Nh6 21. Rd4 Ndf5 22. Bxf5 Rxf5 23. Rh4 Qe7 24. Rh3 Kg8 25. e4 Re5 26. f3 Rg5 27. exd5 Rxd5 28. Re1 Re8 29. c4 Rg5 30. Bc1 Rg6 31. c5 Nf5 32. Kh1 Nh4 33. Qe4 Nf5 34. Rh5 1-0

[Event "LSS No Engine Cup 164 Preliminary 0"]
[Site "LSS email"]
[Date "2016.12.24"]
[Round "?"]
[White "Garcia, Javier"]
[Black "Recio Chicharro, Luis"]
[Result "0-1"]
[WhiteElo "1016"]
[BlackElo "1523"]
[PlyCount "52"]
[EventDate "2016.12.25"]
[EventType "tourn (corr)"]
[EventRounds "6"]
[EventCountry "GER"]
[SourceTitle "Corr 2022"]
[Source "ChessBase"]
[SourceDate "2021.10.24"]
[SourceVersion "1"]
[SourceVersionDate "2021.10.24"]
[SourceQuality "1"]

1. e4 e5 2. Nf3 Nc6 3. Bb5 a6 4. Bxc6 dxc6 5. 0-0 Bg4 6. d3 Nf6 7. Bg5 h6 8. Bh4 Be7 9. Nbd2 Nh5 10. Bxe7 Qxe7 11. h3 Bxf3 12. Qxf3 Nf4 13. d4 g5 14. dxe5 0-0-0 15. Nc4 Rd4 16. Ne3 Qxe5 17. Rad1 Rhd8 18. Rxd4 Rxd4 19. Qg4+ Kb8 20. Qf5 Qxe4 21. Qxf7 h5 22. Qf8+ Ka7 23. Qc5+ b6 24. Qxg5 Rd6 25. Qg7 Kb7 26. Qf7 Rg6 0-1

[Event "LSS No Engine Cup 164 Preliminary 0"]
[Site "LSS email"]
[Date "2016.12.24"]
[Round "?"]
[White "Recio Chicharro, Luis"]
[Black "Gruber, Rudolf"]
[Result "0-1"]
[WhiteElo "1523"]
[BlackElo "1600"]
[PlyCount "50"]
[EventDate "2016.12.25"]
[EventType "tourn (corr)"]
[EventRounds "6"]
[EventCountry "GER"]
[SourceTitle "Corr 2022"]
[Source "ChessBase"]
[SourceDate "2021.10.24"]
[SourceVersion "1"]
[SourceVersionDate "2021.10.24"]
[SourceQuality "1"]

1. Nf3 f5 2. d4 g6 3. c4 Bg7 4. Nc3 c6 5. e3 Nf6 6. c5 0-0 7. Bc4+ Kh8 8. 0-0 d5 9. Bd3 Ne4 10. Nd2 b6 11. f3 Nxc3 12. bxc3 bxc5 13. dxc5 Bxc3 14. Rb1 Nd7 15. Qc2 Bg7 16. Nb3 Ne5 17. Rd1 a5 18. a4 Ba6 19. Bxa6 Rxa6 20. Nd4 Qd7 21. Rb6 Rxb6 22. cxb6 Nc4 23. Qc3 c5 24. Qb3 cxd4 25. exd4 Rb8 0-1

[Event "LSS No Engine Cup 164 Preliminary 0"]
[Site "LSS email"]
[Date "2016.12.24"]
[Round "?"]
[White "Recio Chicharro, Luis"]
[Black "Schoppe, Gottfried"]
[Result "1-0"]
[WhiteElo "1523"]
[BlackElo "1298"]
[PlyCount "53"]
[EventDate "2016.12.25"]
[EventType "tourn (corr)"]
[EventRounds "6"]
[EventCountry "GER"]
[SourceTitle "Corr 2022"]
[Source "ChessBase"]
[SourceDate "2021.10.24"]
[SourceVersion "1"]
[SourceVersionDate "2021.10.24"]
[SourceQuality "1"]

1. d4 Nf6 2. c4 e6 3. Nc3 Bb4 4. Qc2 0-0 5. Bd2 Nc6 6. Nf3 d5 7. cxd5 Bxc3 8. bxc3 exd5 9. e3 Ne4 10. Bd3 f5 11. c4 Be6 12. c5 Qf6 13. 0-0 Ne7 14. Ne5 c6 15. f3 Ng5 16. Rf2 Ng6 17. f4 Nxe5 18. dxe5 Qg6 19. fxg5 Qxg5 20. e4 Qg4 21. h3 Qh4 22. exf5 Bd7 23. Rf4 Qe7 24. Raf1 a6 25. f6 gxf6 26. exf6 Qf7 27. Rh4 1-0

[Event "LSS No Engine Cup 157 Preliminary 0"]
[Site "LSS email"]
[Date "2016.08.07"]
[Round "?"]
[White "Pech, Stepan"]
[Black "Recio Chicharro, Luis"]
[Result "1-0"]
[WhiteElo "1744"]
[BlackElo "1513"]
[PlyCount "35"]
[EventDate "2016.08.08"]
[EventType "tourn (corr)"]
[EventRounds "6"]
[EventCountry "GER"]
[SourceTitle "Corr 2022"]
[Source "ChessBase"]
[SourceDate "2021.10.24"]
[SourceVersion "1"]
[SourceVersionDate "2021.10.24"]
[SourceQuality "1"]

1. e4 e5 2. Nf3 Nc6 3. Bc4 d6 4. c3 h6 5. d4 Bg4 6. Qb3 Qf6 7. Qxb7 Nd8 8. Bb5+ Bd7 9. Bxd7+ Kxd7 10. Qxa8 Ne7 11. Qxa7 Nc8 12. Qa4+ c6 13. d5 Be7 14. 0-0 g5 15. Na3 Qg6 16. dxc6+ Nxc6 17. Rd1 g4 18. Nxe5+ 1-0

[Event "LSS No Engine Cup 157 Preliminary 0"]
[Site "LSS email"]
[Date "2016.08.07"]
[Round "?"]
[White "Recio Chicharro, Luis"]
[Black "Lombardi, Donato"]
[Result "1-0"]
[WhiteElo "1513"]
[BlackElo "1174"]
[PlyCount "87"]
[EventDate "2016.08.08"]
[EventType "tourn (corr)"]
[EventRounds "6"]
[EventCountry "GER"]
[SourceTitle "Corr 2022"]
[Source "ChessBase"]
[SourceDate "2021.10.24"]
[SourceVersion "1"]
[SourceVersionDate "2021.10.24"]
[SourceQuality "1"]

1. d4 e5 2. c3 e4 3. e3 d5 4. c4 c6 5. Nc3 Nf6 6. Qc2 Bb4 7. Bd2 0-0 8. 0-0-0 a5 9. a3 Bxc3 10. Bxc3 b5 11. cxb5 cxb5 12. Bxb5 Ba6 13. Qe2 Qb6 14. Bxa6 Nxa6 15. Nh3 Rfc8 16. Rd2 Qb3 17. Qd1 Rxc3+ 18. bxc3 Qxc3+ 19. Qc2 Qxa3+ 20. Kd1 Nb4 21. Qb2 Qa4+ 22. Ke2 Rb8 23. Kf1 Qb5+ 24. Kg1 Qc4 25. g3 h6 26. Kg2 Qc7 27. Qa1 Ra8 28. Rc1 Qd6 29. Rc3 Nd3 30. Rdc2 Qb4 31. Nf4 Nxf4+ 32. gxf4 Kh7 33. Qa2 a4 34. Qa3 Qb7 35. Rc7 Qb3 36. Qe7 a3 37. Qxf7 Rg8 38. R2c6 Qd1 39. h3 Qf3+ 40. Kg1 Nh5 41. Qg6+ Kh8 42. Rc8 a2 43. Rxg8+ Kxg8 44. Rc8# 1-0

[Event "LSS No Engine Cup 157 Preliminary 0"]
[Site "LSS email"]
[Date "2016.08.07"]
[Round "?"]
[White "Recio Chicharro, Luis"]
[Black "Wilshusen, Horst"]
[Result "1-0"]
[WhiteElo "1513"]
[BlackElo "1683"]
[PlyCount "61"]
[EventDate "2016.08.08"]
[EventType "tourn (corr)"]
[EventRounds "6"]
[EventCountry "GER"]
[SourceTitle "Corr 2022"]
[Source "ChessBase"]
[SourceDate "2021.10.24"]
[SourceVersion "1"]
[SourceVersionDate "2021.10.24"]
[SourceQuality "1"]

1. Nf3 d5 2. d4 g6 3. e3 Bg7 4. c4 c6 5. Nc3 Nf6 6. Be2 0-0 7. 0-0 Bg4 8. c5 Nbd7 9. Bd2 Bxf3 10. Bxf3 e5 11. Qc2 e4 12. Be2 Ne8 13. b4 a6 14. a4 Nc7 15. b5 axb5 16. axb5 Qe7 17. Ra2 Rxa2 18. Qxa2 Ra8 19. Qb2 Nb8 20. bxc6 bxc6 21. Ra1 Rxa1+ 22. Qxa1 Ne6 23. Qa8 Qe8 24. Na2 f5 25. Nb4 Kf8 26. Bd1 Nc7 27. Qb7 Nb5 28. Ba4 Nxd4 29. exd4 Bxd4 30. Nxd5 Qd8 31. Bh6+ 1-0

[Event "LSS No Engine Cup 146 Preliminary 0"]
[Site "LSS email"]
[Date "2016.01.08"]
[Round "?"]
[White "Etchepareborda, Juan"]
[Black "Recio Chicharro, Luis"]
[Result "1/2-1/2"]
[WhiteElo "1427"]
[BlackElo "1529"]
[PlyCount "106"]
[EventDate "2016.01.09"]
[EventType "tourn (corr)"]
[EventRounds "6"]
[EventCountry "GER"]
[SourceTitle "Corr 2022"]
[Source "ChessBase"]
[SourceDate "2021.10.24"]
[SourceVersion "1"]
[SourceVersionDate "2021.10.24"]
[SourceQuality "1"]

1. c4 e5 2. e4 d6 3. d3 Nc6 4. Be3 Nf6 5. Nc3 Be7 6. g3 0-0 7. Nge2 a6 8. Bg2 Re8 9. 0-0 Bg4 10. h3 Bd7 11. f4 Qc8 12. fxe5 dxe5 13. g4 h6 14. Nd5 Nxd5 15. exd5 Nd4 16. Nxd4 exd4 17. Bxd4 Bf8 18. Qf3 f6 19. Rae1 c5 20. dxc6 Bxc6 21. Qf2 Qd7 22. Be4 Bxe4 23. Rxe4 Rad8 24. Bb6 Qxd3 25. Rxe8 Rxe8 26. b3 Re2 27. Qh4 Qe4 28. Qg3 Qc6 29. Bf2 Bd6 30. Qd3 Rxa2 31. Rd1 Bh2+ 32. Kxh2 Rxf2+ 33. Kg3 Rg2+ 34. Kh4 g5+ 35. Kh5 Qe8+ 36. Qg6+ Qxg6+ 37. Kxg6 Kf8 38. Rd7 b5 39. cxb5 axb5 40. Kxf6 Rf2+ 41. Kg6 Rf3 42. Kxh6 Rxh3+ 43. Kxg5 Rxb3 44. Kg6 b4 45. g5 Rb1 46. Rb7 b3 47. Rb8+ Ke7 48. Kg7 b2 49. g6 Ke6 50. Kg8 Ke7 51. g7 Ke6 52. Rb6+ Ke7 53. Rb7+ Ke8 1/2-1/2